00280nam a2200109Ia 4500008004100000041001200041082001100053100001900064245007500083260000600158650000600164221030s9999 xx 000 0 und d aEnglish a105.23 aC. S. Indulkar 3aAn Introduction to Electrical Engineering Materialscby C. S. Indulkar c0 aB